000
00256nam a2200097Ia 4500
001
1300256
005
20260420095900.0
008
260420s9999 xx 000 0 und d
245
0
_a
MİNİK DAMLACIK
_c
NURSELİ ÇAĞLAYAN
260
_b
TİMAŞ ÇOCUK YAYINLARI
999
_c
1300256
_d
1300256